000
00350nam a2200157Ia 4500
008
210210b xxu||||| |||| 00| 0 eng d
041
_a
eng
082
_a
823/364
100
_a
SHAKESPEARE (William)
245
_a
Richard II
260
_a
London
_b
Edward Arnold
_c
650
_a
Richard
650
_a
II
690
_a
English Drama
906
_a
013908
999
_c
132977
_d
132977